000 00624nam a2200193Ia 4500
003 GCL
008 140319s9999 xx 000 0 ara d
040 _aGCL /
_cGCL
082 0 4 _a809
_bف ف
100 1 _aمحمود على مكى
245 1 0 _aفى الادب المقارن ومقالات اخرى /
_cمحمود على مكى
700 1 _aفخرى ابوالسعود (ترجمة) \\=aجيهان عرفهv
300 _a426 ص
490 _aالالف كتاب الثانى
_v0
650 0 4 _aالادب
650 0 4 _aالادب المقارن
650 0 4 _aالمقاله - تاريخ ونقد
942 _2ddc
_cBK
999 _c51895
_d51895